000 01007nam a2200253Ia 4500
001 16239
003 GE_BSU
008 181216s||||||||xx |||||||||||||| ||und||
020 _a9789941163180
040 _cGE_BSU
100 _aშეადგინა შესავალი წერილი და შენიშვნ.დაურთო თეიმურაზ ქურდოვანიძემ
245 _aქართული ზეპირსიტყვიერების საგანძური:3
245 _bპოეზია
245 _cრედ:ბეგო ბეჟუაშვილი
260 _aთბილისი
260 _bსაქართველოს მაცნე
260 _c2013
300 _a280გვ;22სმ.
541 _h9ლ.
653 _aზეპირსიტყვიერება
653 _aპოეზია
653 _aქართული ზეპირსიტყვიერება
942 _cBK
999 _c49323
_d49323